| 000 | 02162nam a2200289 a 4500 | ||
|---|---|---|---|
| 001 | 000016877 | ||
| 003 | OSt | ||
| 005 | 20260527074041.0 | ||
| 008 | 100312s1998 dr 000 0 spa d | ||
| 040 |
_aDO-SdBNP _bspa _cBNPHU |
||
| 082 |
_a324.27293 _bB742p, 1998 |
||
| 100 | 1 |
_a Bosch, Juan, _d1909-2001 _976555 |
|
| 245 | 1 | 3 |
_aEl P. L. D. / _cJuan Bosch. |
| 250 | _a3a. ed. | ||
| 260 |
_aSanto Domingo : _bAlfa y Omega, _c1998. |
||
| 300 |
_a391 p. ; _c21 cm. |
||
| 490 | 1 | _aEstudios sociales | |
| 505 | 1 | _aPalabras de informacin para el lector -- sobre las causas de los ataques a Santo Domingo en los siglos XVI y XVII (I) -- Sobre las causas de los ataques a Santo Domingo en los siglos XVI y XVII (II) -- Santo Domingo en el siglo XVIII -- La revolucin haitiana -- La ocupacin francesa (1801-1809) -- La España Boba y la Independencia Efmera 1809-1822 -- La ocupacin haitiana (1822-1844) -- Perfil político de Pedro Santana (I) -- Perfil político de Pedro Santana (II) -- La acumulación originaria en la República Dominicana (I) -- La acumulación originaria en la República Dominicana (II) -- La acumulación originaria en la República Dominicana (III) -- La acumulación originaria en la República Dominicana (IV) -- Sobre las relaciones de producción -- Sobre la división de clases en la República Dominicana -- sobre la formación de la burguesía -- Acerca del Estado (I) -- Acerca del Estado (II) -- La deuda externa (I) -- La deuda externa (II) -- Los métodos de trabajo -- Base teórica de los métodos de trabajo -- Planes y métodos -- Organización y disciplina (I) -- Organización y disciplina (II) -- Organización y disciplina (III). | |
| 520 | _aEl contenido de esta obra "se ha formado con los folletos escritos para los círculos de estudio del Partido de la Liberación Dominicana" | ||
| 590 | _aInventariado, 2019/MFF | ||
| 650 | 4 |
_aPartido de la Liberación Dominicana _91909 |
|
| 650 | 0 |
_aPartidos políticos _zRepública Dominicana _9285 |
|
| 651 | 0 |
_aRepública Dominicana _xPolítica y gobierno _945 |
|
| 830 | 0 |
_aEstudios sociales _97147 |
|
| 910 | _aValidado. Control de calidad MMOLINA | ||
| 942 |
_2ddc _cLBS1 |
||
| 999 |
_c16409 _d16409 |
||